Fr. Conceicao Rodrigues College of Engineering

Pipe fitters hand book (Record no. 26170)

MARC details
000 -LEADER
fixed length control field 00291nam a2200133Ia 4500
082 ## - DEWEY DECIMAL CLASSIFICATION NUMBER
Classification number 696.2
100 ## - MAIN ENTRY--PERSONAL NAME
Personal name Lindsey/ F.R.
245 ## - TITLE STATEMENT
Title Pipe fitters hand book
260 ## - PUBLICATION, DISTRIBUTION, ETC.
Name of publisher, distributor, etc. Industrial Press
Place of publication, distribution, etc. New York
Date of publication, distribution, etc. 1967
546 ## - LANGUAGE NOTE
Language note ENGLISH
650 ## - SUBJECT ADDED ENTRY--TOPICAL TERM
Topical term or geographic name entry element Fitter
654 ## - SUBJECT ADDED ENTRY--FACETED TOPICAL TERMS
Focus term Pipe fitters
942 ## - ADDED ENTRY ELEMENTS (KOHA)
Koha item type BOOK
Holdings
Withdrawn status Lost status Damaged status Not for loan Collection Home library Current library Shelving location Date acquired Source of acquisition Cost, normal purchase price Inventory number Total Checkouts Full call number Barcode Date last seen Cost, replacement price Price effective from Koha item type
        AFT Fr. Agnel's C.Rodrigues College of Engineering Fr. Agnel's C.Rodrigues College of Engineering   17/03/2023 UBS 123.00 T-198   696.2 AFT2868 17/03/2023 123.00 17/03/2023 BOOK